「○○の里(郷)○○」という名前の道の駅 - Statistics

General Stats
  • This quiz has been taken 20 times
  • The average score is 15 of 85
Answer Stats
都道府県 % Correct
北海道 絵本の里 けんぶち
50%
北海道 みそぎの郷 きこない
50%
北海道 もち米の里☆ なよろ
50%
北海道 横綱の里 ふくしま
44%
兵庫県 杉原紙の里・ 多可
44%
北海道 田園の里 うりゅう
38%
北海道 名水の郷 きょうごく
38%
福井県 蓮如の里 あわら
38%
滋賀県 アグリの郷 栗東
38%
滋賀県 こんぜの里 りっとう
38%
北海道 香りの里 たきのうえ
31%
北海道 森と湖の里 ほろかない
31%
茨城県 まくらがの里 こが
31%
栃木県 サシバの里 いちかい
31%
埼玉県 べに花の郷 おけがわ
31%
富山県 万葉の里 たかおか
31%
京都府 舟屋の里 伊根
31%
新潟県 瀬替えの郷 せんだ
25%
新潟県 ちぢみの里 おぢや
25%
石川県 織姫の里 なかのと
25%
岐阜県 桜の郷 荘川
25%
愛知県 どんぐりの里 いなぶ
25%
滋賀県 せせらぎの里 こうら
25%
大阪府 しらとりの郷・ 羽曳野
25%
大阪府 近つ飛鳥の里 太子
25%
広島県 三矢の里 あきたかた
25%
香川県 源平の里 むれ
25%
埼玉県 いちごの里 よしみ
19%
千葉県 発酵の里 こうざき
19%
千葉県 水の郷 さわら
19%
千葉県 みのりの郷 東金
19%
新潟県 漢学の里 しただ
19%
新潟県 庭園の郷 保内
19%
石川県 ころ柿の里 しか
19%
長野県 女神の里 たてしな
19%
岐阜県 うすずみ桜の里・ ねお
19%
岐阜県 古今伝授の里 やまと
19%
岐阜県 清流の里 しろとり
19%
愛知県 筆柿の里・ 幸田
19%
滋賀県 藤樹の里 あどがわ
19%
兵庫県 あゆの里 矢田川
19%
奈良県 きなりの郷 下北山
19%
鳥取県 神話の里 白うさぎ
19%
高知県 かわうその里 すさき
19%
岩手県 白樺の里 やまがた
13%
宮城県 硯上の里 おがつ
13%
埼玉県 和紙の里 ひがしちちぶ
13%
千葉県 あずの里 いちはら
13%
千葉県 たけゆらの里 おおたき
13%
新潟県 じょんのびの里 高柳
13%
新潟県 良寛の里 わしま
13%
岐阜県 織部の里 もとす
13%
岐阜県 茶の里 東白川
13%
岐阜県 白山文化の里 長滝
13%
和歌山県 柿の郷 くどやま
13%
徳島県 温泉の里 神山
13%
徳島県 公方の郷 なかがわ
13%
香川県 たからだの里 さいた
13%
熊本県 すいかの里 植木
13%
福島県 からむし織の里 しょうわ
6%
福島県 伊達の郷 りょうぜん
6%
栃木県 湧水の郷 しおや
6%
山梨県 花かげの郷 まきおか
6%
長野県 木曽川源流の里 きそむら
6%
長野県 花の里 いいじま
6%
岐阜県 そばの郷らっせぃ みさと
6%
岐阜県 月見の里 南濃
6%
岐阜県 半布里の郷 とみか
6%
岐阜県 富有柿の里 いとぬき
6%
岐阜県 夜叉ヶ池の里 さかうち
6%
京都府 農匠の里 やくの
6%
島根県 さくらの里 きすき
6%
徳島県 ひなの里 かつうら
6%
愛媛県 清流の里 ひじかわ
6%
高知県 めじかの里 土佐清水
6%
山口県 うり坊の里 katamata
6%
秋田県 清水の里・ 鳥海郷
0%
和歌山県 水の郷 日高川龍游
0%
広島県 湖畔の里 福富
0%
長崎県 昆虫の里 たびら
0%
熊本県 あそ望の郷 くぎの
0%
熊本県 子守唄の里 五木
0%
熊本県 秘境の郷 いずみ
0%
大分県 童話の里 くす
0%
大分県 水辺の郷 おおやま
0%
No matching quizzes found
Score Distribution
Percent of People with Each Score
Percentile by Number Answered
Your Score History
You have not taken this quiz